00129nam a2200061Ia 4500082001700000245000900017008004100026 a839.361 LOUW 0aRaka210817s9999 xx 000 0 und d